[Event "chess.com Speed 2021"]
[Site "chess.com INT"]
[Date "2021.11.29"]
[Round "1.36"]
[White "Vachier-Lagrave, Maxime"]
[Black "Caruana, Fabiano"]
[Result "0-1"]
[WhiteTitle "GM"]
[BlackTitle "GM"]
[WhiteElo "2766"]
[BlackElo "2791"]
[WhiteFideId "623539"]
[BlackFideId "2020009"]
[EventDate "2021.11.08"]
[EventType "k.o."]

1. e4 e6 2. d4 d5 3. e5 c5 4. c3 Nc6 5. Nf3 Bd7 6. Be2 Nge7 7. O-O Ng6 8. Re1
Be7 9. Be3 O-O 10. Nbd2 Rc8 11. Nf1 cxd4 12. cxd4 Nb4 13. Bd3 Nxd3 14. Qxd3 Qb6
15. b3 Bb5 16. Qd1 Bb4 17. Bd2 Ba3 18. Bc1 Bxc1 19. Rxc1 Nf4 20. Rxc8 Rxc8 21.
Qd2 Ng6 22. Ne3 Qc7 23. Qb4 Bd3 24. g3 a5 25. Qd2 Be4 26. Ng5 Ne7 27. Nxe4 dxe4
28. Nc4 Rd8 29. Nd6 Nf5 30. Nxf5 exf5 31. Rc1 Qe7 32. Qxa5 h5 33. Rc7 Qg5 34. h4
Qg4 35. e6 fxe6 36. Qe5 Qg6 37. Rxb7 Kh7 38. Re7 Qg4 39. Rxe6 Rc8 40. Re7 Rc1+
41. Kh2 Rf1 42. Qf4 Qxf4 43. gxf4 Rxf2+ 44. Kg3 Rf3+ 45. Kg2 Rxf4 46. d5 Rf3 47.
d6 Rd3 48. d7 Kg6 49. b4 Kf6 50. Re8 Rxd7 51. b5 Rd2+ 52. Kg3 Rxa2 0-1

[Event "chess.com Speed 2021"]
[Site "chess.com INT"]
[Date "2021.11.29"]
[Round "1.37"]
[White "Caruana, Fabiano"]
[Black "Vachier-Lagrave, Maxime"]
[Result "0-1"]
[WhiteTitle "GM"]
[BlackTitle "GM"]
[WhiteElo "2791"]
[BlackElo "2766"]
[WhiteFideId "2020009"]
[BlackFideId "623539"]
[EventDate "2021.11.08"]
[EventType "k.o."]

1. d4 Nf6 2. Nf3 g6 3. g3 Bg7 4. Bg2 O-O 5. O-O d5 6. Nbd2 a5 7. a4 Nc6 8. c3
Bf5 9. Re1 Ne4 10. Nh4 e6 11. Nxf5 exf5 12. Nf3 Re8 13. h4 h6 14. Bf4 Qd7 15.
Qc1 Kh7 16. Nd2 Re7 17. Nxe4 dxe4 18. Qc2 Nd8 19. Rad1 Ne6 20. Bc1 c6 21. e3
Rae8 22. c4 Nc7 23. b3 Na6 24. Ba3 Nb4 25. Bxb4 axb4 26. Qd2 Qd6 27. c5 Qc7 28.
Qxb4 Ra8 29. Qc4 Bf6 30. Bh3 Kg7 31. Ra1 Rd7 32. b4 Rd5 33. a5 g5 34. hxg5 hxg5
35. a6 bxa6 36. Rxa6 Rh8 37. Bg2 f4 38. exf4 gxf4 39. Rxe4 fxg3 40. Rg4+ Rg5 41.
Rxg5+ Bxg5 42. Qe2 gxf2+ 43. Qxf2 Qh2+ 44. Kf1 Rh4 45. Ra3 Rf4 46. Rf3 Bh4 47.
Qe3 Rg4 48. Qe2 Rxd4 49. Rd3 Rf4+ 50. Rf3 Rxb4 51. Qc2 Qe5 52. Kg1 Rb2 53. Qd1
Bg5 54. Rf1 Be3+ 55. Kh1 Qg3 56. Qf3 Qh4+ 57. Qh3 Qxh3+ 58. Bxh3 Bxc5 59. Bg2
Rb6 60. Rc1 Be3 61. Rxc6 Rb1+ 62. Kh2 Bf4+ 63. Kh3 Rb3+ 64. Kg4 Be5 65. Kf5 Bd4
66. Rc4 Rb5+ 67. Ke4 Bf6 68. Kf3 Rb3+ 69. Kg4 Be5 70. Kf5 Bd6 71. Rg4+ Kf8 72.
Bd5 Rb5 73. Rd4 Ke7 74. Rd3 Rb4 75. Be4 Bc7 76. Rc3 Rb5+ 77. Kg4 Be5 78. Rd3 Ke6
79. Bf5+ Kf6 80. Be4 Rb4 81. Kf3 Ke6 82. Rd5 f5 0-1

[Event "chess.com Speed 2021"]
[Site "chess.com INT"]
[Date "2021.11.29"]
[Round "1.38"]
[White "Vachier-Lagrave, Maxime"]
[Black "Caruana, Fabiano"]
[Result "0-1"]
[WhiteTitle "GM"]
[BlackTitle "GM"]
[WhiteElo "2766"]
[BlackElo "2791"]
[WhiteFideId "623539"]
[BlackFideId "2020009"]
[EventDate "2021.11.08"]
[EventType "k.o."]

1. e4 e6 2. d4 d5 3. Nc3 Nf6 4. e5 Nfd7 5. f4 c5 6. Nf3 Nc6 7. Be3 Be7 8. Qd2
O-O 9. h4 a6 10. dxc5 Nxc5 11. O-O-O b5 12. h5 b4 13. Ne2 Ne4 14. Qe1 a5 15. Ng3
Qc7 16. Bd3 Ba6 17. Bxe4 dxe4 18. Nxe4 Rad8 19. Qg3 b3 20. axb3 Nb4 21. Nc3 Bb7
22. h6 g6 23. Qf2 Rc8 24. Kb1 Bc6 25. Nd4 Qb7 26. f5 Bxg2 27. Rhg1 Be4 28. f6
Bc5 29. Rd2 Bxd4 30. Bxd4 Bf5 31. Bc5 Rfd8 32. Rgd1 Rxd2 33. Rxd2 Qh1+ 34. Rd1
Qxh6 35. Bxb4 axb4 36. Nb5 Qf8 37. Nd4 Qc5 38. Rd2 Qxe5 39. Nxf5 exf5 40. Qh4
Qe3 41. Rd1 h5 42. Qxb4 Qe2 43. Rc1 Qe5 44. Qh4 Rc6 45. Re1 Qxf6 46. Qxf6 Rxf6
47. b4 f4 48. c4 g5 49. b5 f3 50. c5 Rf5 51. b4 Rf4 52. Kc2 Rxb4 53. b6 Rc4+ 54.
Kd3 Rxc5 55. Rb1 Rc8 56. b7 Rb8 57. Ke3 g4 58. Kf4 f6 59. Kg3 Kg7 60. Rb4 Kg6
61. Rb5 f5 62. Kf4 f2 63. Rb6+ Kg7 64. Rb1 h4 65. Kxf5 g3 66. Kg4 g2 0-1

[Event "chess.com Speed 2021"]
[Site "chess.com INT"]
[Date "2021.11.29"]
[Round "1.39"]
[White "Caruana, Fabiano"]
[Black "Vachier-Lagrave, Maxime"]
[Result "1-0"]
[WhiteTitle "GM"]
[BlackTitle "GM"]
[WhiteElo "2791"]
[BlackElo "2766"]
[WhiteFideId "2020009"]
[BlackFideId "623539"]
[EventDate "2021.11.08"]
[EventType "k.o."]

1. d4 Nf6 2. Nf3 g6 3. g3 Bg7 4. Bg2 O-O 5. O-O d5 6. Nbd2 a5 7. a4 Bf5 8. Ne5
Nbd7 9. Nb3 c6 10. Bf4 Nh5 11. e3 Nxf4 12. exf4 Qc7 13. h4 h5 14. Qd2 b6 15.
Rfe1 Nf6 16. Rac1 Ne4 17. Qe3 Nd6 18. Nd2 Rac8 19. c4 Bxe5 20. fxe5 Nxc4 21.
Nxc4 dxc4 22. Rxc4 Qd7 23. Rec1 c5 24. d5 Rfd8 25. b3 Qe8 26. Rd1 Qf8 27. Rd2
Qg7 28. Rf4 Bg4 29. Bf1 Bf5 30. Bc4 Bg4 31. d6 exd6 32. Rxf7 Qxf7 33. Bxf7+ Kxf7
34. exd6 Rd7 35. Qf4+ Kg7 36. Qg5 Re8 37. Kg2 Re6 38. f3 Bf5 39. g4 hxg4 40.
fxg4 Be4+ 41. Kh2 Bc6 42. h5 Rf7 43. d7 Bxd7 44. Qd5 Ref6 45. Qe5 Kh7 46. Rxd7
Rf2+ 47. Kg3 Rf3+ 48. Kh4 Rxd7 49. hxg6+ Kh6 50. Qh5+ 1-0

[Event "chess.com Speed 2021"]
[Site "chess.com INT"]
[Date "2021.12.02"]
[Round "2.11"]
[White "Rapport, Richard"]
[Black "Nihal, Sarin"]
[Result "0-1"]
[WhiteTitle "GM"]
[BlackTitle "GM"]
[WhiteElo "2763"]
[BlackElo "2650"]
[WhiteFideId "738590"]
[BlackFideId "25092340"]
[EventDate "2021.11.08"]
[EventType "k.o."]

1. d4 Nf6 2. Bg5 d5 3. e3 c5 4. c3 Nc6 5. Nd2 cxd4 6. exd4 Bf5 7. Ngf3 e6 8. Nh4
Bg6 9. Nxg6 hxg6 10. Bd3 Bd6 11. g3 Qc7 12. Qe2 O-O-O 13. Nf3 Kb8 14. O-O-O Rc8
15. Kb1 Nd7 16. h4 Na5 17. Rhe1 Nc4 18. Ka1 Ndb6 19. Bc1 Rhe8 20. Qc2 a5 21. Re2
a4 22. a3 Qc6 23. Ng5 Re7 24. f4 Na5 25. Nf3 Nbc4 26. Ne5 Bxe5 27. fxe5 Nb3+ 28.
Ka2 Qb6 29. Bg5 Rec7 30. Bxc4 Rxc4 31. Qd3 Na5 32. Qc2 Qb5 33. Rf2 R4c7 34. Rdf1
Nb3 35. Rd1 Ka8 36. Qd3 Qb6 37. Rdf1 Na5 38. Qd1 Qb5 39. Rxf7 Rxc3 40. bxc3 Rxc3
41. Be7 Qc4+ 42. Ka1 Rc2 43. Rf8+ Ka7 44. Bc5+ b6 45. R8f7+ Ka6 0-1

[Event "chess.com Speed 2021"]
[Site "chess.com INT"]
[Date "2021.12.02"]
[Round "2.12"]
[White "Nihal, Sarin"]
[Black "Rapport, Richard"]
[Result "0-1"]
[WhiteTitle "GM"]
[BlackTitle "GM"]
[WhiteElo "2650"]
[BlackElo "2763"]
[WhiteFideId "25092340"]
[BlackFideId "738590"]
[EventDate "2021.11.08"]
[EventType "k.o."]

1. d4 Nf6 2. Nf3 d6 3. Nc3 Bf5 4. g3 c6 5. Bg2 h6 6. O-O Bh7 7. Re1 d5 8. Ne5 e6
9. e4 Bb4 10. exd5 cxd5 11. Bd2 O-O 12. Ne2 Bd6 13. c4 Be4 14. Nc3 Bxg2 15. Kxg2
dxc4 16. Nxc4 Nc6 17. Be3 Bb4 18. Qb3 Rc8 19. Ne5 Bxc3 20. bxc3 Na5 21. Qa4 Nd5
22. Bd2 a6 23. Qd1 Nxc3 24. Qg4 f5 25. Qf3 Qxd4 26. Bf4 Qd5 27. Ng6 Rfe8 28.
Rac1 Kh7 29. Qxd5 Nxd5 30. Rxc8 Rxc8 31. Rxe6 Rc6 32. Nf8+ Kg8 33. Re8 Kf7 34.
Rb8 Nxf4+ 35. gxf4 Rd6 36. h4 Nc6 37. Rc8 Rd8 38. Rxd8 Nxd8 39. Nd7 Ke6 40. Nb6
h5 41. Kf3 Kd6 42. Nc4+ Kd5 43. Ne3+ Ke6 44. Ke2 Nc6 45. a3 Nd4+ 46. Kd3 Nc6 47.
Kc4 b6 48. a4 Ne7 49. Kd4 b5 50. axb5 axb5 51. Kc5 b4 52. Nc2 b3 53. Nd4+ Kf6
54. Nxb3 Ng6 55. Nd4 Nxh4 56. Ne2 Nf3 57. Kc4 h4 58. Kd3 h3 59. Ke3 h2 60. Ng3
Nh4 61. f3 Ng2+ 62. Kf2 Nxf4 63. Nh1 Ke5 64. Kg3 Ne2+ 65. Kxh2 Kf4 66. Kg2 Ke3
67. Kh3 Kxf3 68. Kh4 Kf4 69. Nf2 g5+ 70. Kh3 Ng1+ 71. Kg2 Ne2 72. Nh3+ Kg4 73.
Nf2+ Kh5 74. Nd1 Nf4+ 75. Kf3 Ng6 76. Ne3 Nh4+ 77. Kf2 Kg6 78. Nd5 Kh6 79. Ne7
Kg7 80. Nd5 Kf7 81. Ne3 Kf6 82. Nc2 Ke5 83. Ne3 Ng6 84. Nc4+ Kd5 85. Ne3+ Ke4
86. Nc4 f4 87. Nd6+ Kd5 88. Nf7 g4 89. Nh6 Ne5 90. Nf5 Ke4 91. Nd6+ Kd5 92. Nf5
Ke6 93. Nd4+ Kf6 94. Ne2 Kg5 95. Nd4 Nd3+ 96. Ke2 Nc5 97. Kf2 Ne4+ 98. Kg2 Nc5
99. Kf2 Kf6 100. Ke2 Ne6 101. Nc6 Kg5 102. Kf2 Kh4 103. Ne5 Kh3 104. Kg1 Ng5
105. Ng6 Kg3 106. Ne5 Nf3+ 0-1

[Event "chess.com Speed 2021"]
[Site "chess.com INT"]
[Date "2021.12.02"]
[Round "2.13"]
[White "Rapport, Richard"]
[Black "Nihal, Sarin"]
[Result "1/2-1/2"]
[WhiteTitle "GM"]
[BlackTitle "GM"]
[WhiteElo "2763"]
[BlackElo "2650"]
[WhiteFideId "738590"]
[BlackFideId "25092340"]
[EventDate "2021.11.08"]
[EventType "k.o."]

1. e4 e5 2. Nf3 Nc6 3. Bb5 a6 4. Ba4 Nf6 5. Nc3 Bc5 6. Bxc6 dxc6 7. d3 Nd7 8.
Bg5 Be7 9. Bxe7 Qxe7 10. d4 O-O 11. dxe5 Nxe5 12. Nxe5 Qxe5 13. O-O Be6 14. Qf3
Rad8 15. Rfd1 h6 16. Qg3 Qa5 17. h3 Qb4 18. b3 Qc5 19. Rd3 Rxd3 20. Qxd3 f5 21.
Rd1 Qxf2+ 22. Kxf2 fxe4+ 23. Ke1 exd3 24. Rxd3 Re8 25. Re3 Kf7 26. Ne2 Bd5 27.
Rxe8 Kxe8 28. g3 Ke7 29. Kd2 c5 30. h4 Kf6 31. Ke3 Kf5 32. Nf4 Bf7 33. c4 a5 34.
Nd3 b6 35. g4+ Kf6 36. Kf4 g5+ 37. hxg5+ hxg5+ 38. Ke3 Bg6 39. Nf2 Bb1 40. Ne4+
Ke7 41. Nc3 Bc2 42. Kd2 Bg6 43. Ke3 Ke6 44. Ne4 Bxe4 45. Kxe4 c6 46. a4 Kf6 47.
Kf3 Ke5 48. Ke3 Kf6 49. Kf3 Ke5 50. Ke3 Kf6 51. Kf3 1/2-1/2

[Event "chess.com Speed 2021"]
[Site "chess.com INT"]
[Date "2021.12.02"]
[Round "2.14"]
[White "Nihal, Sarin"]
[Black "Rapport, Richard"]
[Result "1-0"]
[WhiteTitle "GM"]
[BlackTitle "GM"]
[WhiteElo "2650"]
[BlackElo "2763"]
[WhiteFideId "25092340"]
[BlackFideId "738590"]
[EventDate "2021.11.08"]
[EventType "k.o."]

1. Nf3 Nf6 2. b3 g6 3. Bb2 Bg7 4. g3 d6 5. c4 e5 6. d3 O-O 7. Bg2 a5 8. Nc3 Na6
9. O-O Re8 10. Nd2 c6 11. a3 h5 12. b4 Bd7 13. Nce4 Nxe4 14. Nxe4 Qe7 15. bxa5
h4 16. gxh4 Nc7 17. Bc3 d5 18. Ng5 Ne6 19. cxd5 cxd5 20. Bb4 Qf6 21. Bxd5 Nxg5
22. hxg5 Qxg5+ 23. Kh1 e4 24. dxe4 Bc6 25. Ra2 Rad8 26. Rd2 Rxe4 27. Bxe4 1-0

[Event "chess.com Speed 2021"]
[Site "chess.com INT"]
[Date "2021.12.02"]
[Round "2.15"]
[White "Rapport, Richard"]
[Black "Nihal, Sarin"]
[Result "1/2-1/2"]
[WhiteTitle "GM"]
[BlackTitle "GM"]
[WhiteElo "2763"]
[BlackElo "2650"]
[WhiteFideId "738590"]
[BlackFideId "25092340"]
[EventDate "2021.11.08"]
[EventType "k.o."]

1. e4 e5 2. Bc4 Nf6 3. d3 Nc6 4. Nc3 Bb4 5. Nf3 d5 6. exd5 Nxd5 7. O-O Bxc3 8.
bxc3 O-O 9. Re1 Re8 10. Ng5 Be6 11. Qf3 Qd7 12. Nxe6 fxe6 13. Bd2 Rf8 14. Qg3
Rf6 15. Bb5 Raf8 16. f3 Rg6 17. Qf2 a6 18. Ba4 Kh8 19. Kh1 Nf4 20. Bxf4 exf4 21.
Re4 e5 22. Rae1 b5 23. Bb3 h6 24. d4 exd4 25. cxd4 Na5 26. Re7 Qd6 27. R7e6 Rxe6
28. Rxe6 Qd7 29. Rxa6 Nxb3 30. axb3 Re8 31. Ra1 Re3 32. Qd2 Qd5 33. Rc1 c5 34.
h3 cxd4 35. Rd1 Kh7 36. Kh2 d3 37. cxd3 Qxb3 38. d4 Qc4 39. d5 Re2 40. Qd4 Qc2
41. Qd3+ Qxd3 42. Rxd3 Re7 43. d6 Rd7 44. Rd5 Kg6 45. Rxb5 Rxd6 46. Rb4 Rf6 47.
Rb5 Kh7 48. Rb4 Kg6 49. Rb5 Kh7 50. Rb4 Kg6 1/2-1/2

[Event "chess.com Speed 2021"]
[Site "chess.com INT"]
[Date "2021.12.02"]
[Round "2.16"]
[White "Nihal, Sarin"]
[Black "Rapport, Richard"]
[Result "1/2-1/2"]
[WhiteTitle "GM"]
[BlackTitle "GM"]
[WhiteElo "2650"]
[BlackElo "2763"]
[WhiteFideId "25092340"]
[BlackFideId "738590"]
[EventDate "2021.11.08"]
[EventType "k.o."]

1. Nf3 Nf6 2. b3 g6 3. Bb2 Bg7 4. g3 d6 5. c4 e5 6. d3 O-O 7. Bg2 a5 8. Nc3 Na6
9. O-O Re8 10. a3 c6 11. b4 d5 12. cxd5 cxd5 13. Nd2 axb4 14. axb4 Be6 15. b5
Nc5 16. Rxa8 Qxa8 17. Qa1 Qb8 18. Na4 Ncd7 19. Rc1 d4 20. Ba3 Bh6 21. Rc2 Qa7
22. Bb4 Ra8 23. Qa3 Bf8 24. Bxf8 Nxf8 25. Nc4 Qxa4 26. Qxa4 Rxa4 27. Bxb7 Rb4
28. Bc6 Nd5 29. Nxe5 Nc3 30. Kg2 Nxb5 31. Nf3 Nd6 32. h3 Nf5 33. Be4 Nd6 34. Bc6
Kg7 35. Ne5 Bb3 36. Rc1 Ne6 37. Bf3 Ba4 38. h4 h5 39. Ba8 Rb8 40. Bf3 Kf6 41.
Nc4 Rc8 42. Ra1 Nxc4 43. Rxa4 Ne5 44. Bd5 Rd8 45. Ba2 Ng4 46. Bc4 Rd6 47. Kf1
Nc5 48. Ra7 Nd7 49. Rc7 Nde5 50. Bb5 Kg7 51. Kg1 Rb6 52. Rc5 Rd6 53. f3 Nxf3+
54. exf3 Ne3 55. Rc7 Rf6 56. f4 Nf5 57. Kf2 Nh6 58. Bc4 Nf5 59. Rd7 Kf8 60. Kf3
Ke8 61. Ra7 Kf8 62. Rd7 Ke8 63. Ra7 Kf8 64. Rd7 1/2-1/2

[Event "chess.com Speed 2021"]
[Site "chess.com INT"]
[Date "2021.12.02"]
[Round "2.17"]
[White "Rapport, Richard"]
[Black "Nihal, Sarin"]
[Result "1/2-1/2"]
[WhiteTitle "GM"]
[BlackTitle "GM"]
[WhiteElo "2763"]
[BlackElo "2650"]
[WhiteFideId "738590"]
[BlackFideId "25092340"]
[EventDate "2021.11.08"]
[EventType "k.o."]

1. e4 e5 2. Nf3 Nf6 3. Nxe5 d6 4. Nf3 Nxe4 5. d3 Nf6 6. d4 d5 7. Bd3 Bd6 8. O-O
O-O 9. h3 h6 10. Re1 Re8 11. Rxe8+ Qxe8 12. Nc3 c6 13. Be3 Nbd7 14. Qc1 Qf8 15.
Nh4 Nb6 16. b3 Be6 17. a4 a5 18. Nf5 Bxf5 19. Bxf5 Re8 20. Bd3 Nc8 21. Nb1 Ne4
22. Nd2 f5 23. Nf3 Qf6 24. c4 Ne7 25. Qc2 Bb4 26. Rf1 Bd6 27. Bc1 Ng6 28. cxd5
cxd5 29. Re1 Kh7 30. g3 Re7 31. Kg2 Rc7 32. Qb2 Bb4 33. Rd1 Bc3 34. Qe2 Bb4 35.
Rf1 Bd6 36. Rh1 Nf8 37. h4 Kg8 38. h5 Ne6 39. Bb2 N6g5 40. Rc1 Rxc1 41. Bxc1
Nxf3 42. Qxf3 Qxd4 43. Bb5 Qe5 44. Bd7 Nc5 45. Bxf5 Nxb3 46. Be3 Nc5 47. Qg4 Qf6
48. Bd4 Qg5 49. Be6+ Kh7 50. Qxg5 hxg5 51. Bxd5 Nxa4 52. Bxb7 Nc5 53. Bxc5 Bxc5
54. Bc6 Kh6 55. Be8 a4 1/2-1/2

[Event "chess.com Speed 2021"]
[Site "chess.com INT"]
[Date "2021.12.02"]
[Round "2.18"]
[White "Nihal, Sarin"]
[Black "Rapport, Richard"]
[Result "1/2-1/2"]
[WhiteTitle "GM"]
[BlackTitle "GM"]
[WhiteElo "2650"]
[BlackElo "2763"]
[WhiteFideId "25092340"]
[BlackFideId "738590"]
[EventDate "2021.11.08"]
[EventType "k.o."]

1. Nf3 Nf6 2. d4 d6 3. Bf4 Nbd7 4. e3 Nh5 5. Bg5 h6 6. Bh4 g5 7. Bg3 Bg7 8. Nbd2
b6 9. a4 a6 10. a5 b5 11. c4 bxc4 12. Bxc4 Nxg3 13. hxg3 e6 14. O-O Rb8 15. Qc2
d5 16. Be2 c5 17. dxc5 Rxb2 18. Qa4 O-O 19. Rac1 Ne5 20. Rfd1 Bd7 21. c6 Nxc6
22. Rxc6 Qe8 23. Nd4 e5 24. Qa3 exd4 25. Qxb2 Bxc6 26. Qb6 dxe3 27. Qxe3 Qxe3
28. fxe3 d4 29. exd4 Bxd4+ 30. Kh2 Bg7 31. Nf3 Ra8 32. Rd6 Bxf3 33. gxf3 Bc3 34.
Rxa6 Rxa6 35. Bxa6 Kg7 36. Bd3 Bxa5 37. g4 1/2-1/2

[Event "chess.com Speed 2021"]
[Site "chess.com INT"]
[Date "2021.12.02"]
[Round "2.21"]
[White "Rapport, Richard"]
[Black "Nihal, Sarin"]
[Result "1/2-1/2"]
[WhiteTitle "GM"]
[BlackTitle "GM"]
[WhiteElo "2763"]
[BlackElo "2650"]
[WhiteFideId "738590"]
[BlackFideId "25092340"]
[EventDate "2021.11.08"]
[EventType "k.o."]

1. e4 e5 2. Nc3 Nf6 3. Bc4 Nc6 4. d3 Na5 5. Bb3 Bc5 6. Nf3 d6 7. h3 h6 8. Ne2
Nxb3 9. axb3 c6 10. Ng3 Bb6 11. Qe2 O-O 12. Be3 Re8 13. Bxb6 Qxb6 14. Qe3 Be6
15. Qxb6 axb6 16. Kd2 Kf8 17. Rhe1 Nd7 18. Ng1 d5 19. f3 f6 20. N1e2 Ke7 21. b4
dxe4 22. fxe4 g6 23. Ng1 b5 24. Nf3 Nb6 25. b3 Rxa1 26. Rxa1 Ra8 27. Ra5 Kd6 28.
Nf1 Kc7 29. Rxa8 Nxa8 30. Nh4 Bf7 31. Ne3 h5 32. g4 g5 33. Nhf5 h4 34. Kc3 Kd7
35. Nd1 Nc7 36. Nfe3 Ne6 37. Nf2 Nf4 38. Kd2 Be6 39. Kc3 b6 40. Kb2 c5 41. Ka3
Kd6 42. c4 bxc4 43. dxc4 Bd7 44. b5 Be6 45. Kb2 Bd7 46. Ned1 Be6 47. Nc3 Bd7 48.
Kc2 Kc7 49. Kd2 Kd6 50. Ke3 Ng2+ 51. Kf3 Nf4 52. Nd5 Nxd5 53. exd5 f5 54. gxf5
Bxf5 55. Ke3 Ke7 56. Kd2 Kf6 57. Ke3 Bc2 58. Ng4+ Kf5 59. Nh6+ Kg6 60. Ng4 Kf5
61. Nh6+ Kg6 62. d6 Kf6 63. d7 Ke7 64. Nf7 Kxd7 65. Nxg5 Bxb3 66. Nf3 Ke6 67.
Nd2 Ba2 68. Kd3 Kf5 69. Ke3 Ke6 70. Kd3 Kf5 71. Ke3 Ke6 1/2-1/2

[Event "chess.com Speed 2021"]
[Site "chess.com INT"]
[Date "2021.12.02"]
[Round "2.22"]
[White "Nihal, Sarin"]
[Black "Rapport, Richard"]
[Result "1-0"]
[WhiteTitle "GM"]
[BlackTitle "GM"]
[WhiteElo "2650"]
[BlackElo "2763"]
[WhiteFideId "25092340"]
[BlackFideId "738590"]
[EventDate "2021.11.08"]
[EventType "k.o."]

1. d4 Nf6 2. Nf3 g6 3. Nc3 d5 4. Bf4 Bg7 5. Nb5 Na6 6. e3 O-O 7. h3 Ne4 8. Nd2
Nxd2 9. Qxd2 c6 10. Nc3 Re8 11. Bxa6 bxa6 12. O-O Qa5 13. a3 Bf5 14. b4 Qd8 15.
Na4 e5 16. dxe5 Rxe5 17. Bxe5 Bxe5 18. Rad1 Qh4 19. Nc5 Qc4 20. e4 dxe4 21. Rfe1
Bc3 22. Qe2 Qa2 23. g4 Bxe1 24. Rxe1 Be6 25. Qxe4 Bd5 26. Qd4 Qc4 27. Qxc4 Bxc4
28. Re4 Bd5 29. Re7 Bc4 30. Rc7 h5 31. Rxc6 Rd8 32. gxh5 gxh5 33. Ne4 Rd1+ 34.
Kh2 Bb5 35. Rc5 h4 36. Nc3 Rd2 37. Nxb5 axb5 38. Kg2 a6 39. Kf3 Rd1 40. Kg4 Rd4+
41. f4 Kg7 42. Rc6 Rd2 43. Kxh4 Rg2 44. Rxa6 Rxc2 45. Rb6 Rc3 46. Rxb5 Rxa3 47.
Kg4 Rb3 48. Rb8 Kg6 49. b5 f5+ 50. Kh4 Kh6 51. Rb6+ Kg7 52. Kg5 Rxh3 53. Rb7+ 1-0

[Event "chess.com Speed 2021"]
[Site "chess.com INT"]
[Date "2021.12.02"]
[Round "2.23"]
[White "Rapport, Richard"]
[Black "Nihal, Sarin"]
[Result "0-1"]
[WhiteTitle "GM"]
[BlackTitle "GM"]
[WhiteElo "2763"]
[BlackElo "2650"]
[WhiteFideId "738590"]
[BlackFideId "25092340"]
[EventDate "2021.11.08"]
[EventType "k.o."]

1. d4 d5 2. Bg5 h6 3. Bh4 c6 4. e3 Qb6 5. b3 e5 6. Nf3 exd4 7. exd4 Be7 8. Bg3
Nf6 9. Bd3 O-O 10. O-O Bg4 11. Nbd2 Nbd7 12. c3 Rfe8 13. Re1 c5 14. h3 Be6 15.
a4 Bd6 16. a5 Qc7 17. Bxd6 Qxd6 18. Bb5 a6 19. Ba4 Rac8 20. Re3 Red8 21. Bxd7
Bxd7 22. dxc5 Qxc5 23. Nd4 Re8 24. Rf3 Qc7 25. b4 Re7 26. N2b3 Ne4 27. Rc1 Rce8
28. Qd3 Ng5 29. Rg3 Re1+ 30. Kh2 Rxc1 31. Nxc1 Ne4 32. Nce2 Nxf2 0-1

[Event "chess.com Speed 2021"]
[Site "chess.com INT"]
[Date "2021.12.02"]
[Round "2.24"]
[White "Nihal, Sarin"]
[Black "Rapport, Richard"]
[Result "1-0"]
[WhiteTitle "GM"]
[BlackTitle "GM"]
[WhiteElo "2650"]
[BlackElo "2763"]
[WhiteFideId "25092340"]
[BlackFideId "738590"]
[EventDate "2021.11.08"]
[EventType "k.o."]

1. d4 e6 2. Nf3 f5 3. d5 Nf6 4. dxe6 Nc6 5. Nc3 Bb4 6. exd7+ Bxd7 7. Bd2 Qe7 8.
e3 f4 9. Be2 fxe3 10. Bxe3 O-O-O 11. O-O Bxc3 12. bxc3 Rhe8 13. Nd4 Nd5 14. Bg4
Nxe3 15. Nxc6 Qg5 16. Bxd7+ Rxd7 17. Qf3 Nxf1 18. Nxa7+ Kb8 19. Nc6+ bxc6 20.
Qxc6 Nd2 21. Qxd7 Re7 22. Qd3 Kc8 23. Qa6+ Kd8 24. Qa8+ Kd7 25. Rd1 Ke6 26. h4
Qf4 27. Qc6+ Kf7 28. Qd5+ Re6 29. Qxd2 Qxh4 30. Qd7+ Qe7 31. Qxe7+ Kxe7 32. a4
Rc6 33. a5 Rxc3 34. Ra1 1-0

[Event "chess.com Speed 2021"]
[Site "chess.com INT"]
[Date "2021.12.02"]
[Round "2.25"]
[White "Rapport, Richard"]
[Black "Nihal, Sarin"]
[Result "1-0"]
[WhiteTitle "GM"]
[BlackTitle "GM"]
[WhiteElo "2763"]
[BlackElo "2650"]
[WhiteFideId "738590"]
[BlackFideId "25092340"]
[EventDate "2021.11.08"]
[EventType "k.o."]

1. d4 d5 2. c4 e6 3. Nf3 Nf6 4. Nc3 c5 5. e3 Nc6 6. cxd5 exd5 7. Bb5 cxd4 8.
exd4 Bd6 9. O-O O-O 10. Bg5 Be6 11. Re1 h6 12. Bh4 Rc8 13. Ne5 Be7 14. Bxc6 bxc6
15. Na4 g5 16. Bg3 Ne4 17. Rc1 c5 18. dxc5 Nxc5 19. Qd4 Nxa4 20. Qxa4 Qb6 21. b3
Bb4 22. Red1 a5 23. h4 gxh4 24. Bxh4 Rxc1 25. Rxc1 Qd4 26. Nf3 Qb2 27. Rd1 Rc8
28. Qb5 Rc1 29. Rxc1 Qxc1+ 30. Kh2 Qc5 31. Qb8+ Qf8 32. Qg3+ Qg7 33. Qf4 Qg4 34.
Qxh6 Bd6+ 35. Bg3 Bxg3+ 36. fxg3 d4 37. Qh4 d3 38. Qd8+ Kg7 39. Qxd3 Qh5+ 40.
Kg1 Qh6 41. Qd4+ Kg8 42. Qd8+ Kg7 43. Qxa5 Qe3+ 44. Kh2 Qf2 45. Qg5+ Kh8 46.
Qh6+ Kg8 47. Ng5 Qxa2 48. Ne4 f6 49. Qg6+ Kf8 50. Qxf6+ Bf7 51. Nd6 1-0

[Event "chess.com Speed 2021"]
[Site "chess.com INT"]
[Date "2021.12.02"]
[Round "2.26"]
[White "Nihal, Sarin"]
[Black "Rapport, Richard"]
[Result "0-1"]
[WhiteTitle "GM"]
[BlackTitle "GM"]
[WhiteElo "2650"]
[BlackElo "2763"]
[WhiteFideId "25092340"]
[BlackFideId "738590"]
[EventDate "2021.11.08"]
[EventType "k.o."]

1. d4 e6 2. c4 f5 3. g3 Nf6 4. Bg2 Be7 5. Nf3 d5 6. O-O Ne4 7. Nc3 c6 8. Qc2 Nd7
9. Rb1 a5 10. a3 O-O 11. h4 Qe8 12. Bf4 h6 13. Be3 Nd6 14. b3 Qh5 15. Ne5 Nxe5
16. dxe5 Ne4 17. Nxe4 fxe4 18. f3 Qxe5 19. fxe4 Qxg3 20. Rxf8+ Bxf8 21. Bf2 Qe5
22. exd5 exd5 23. cxd5 cxd5 24. Rd1 Be6 25. Qg6 Bf7 26. Qb6 Bd6 27. Qxb7 Rf8 28.
Bf3 Be6 29. Kf1 Rxf3 0-1

[Event "chess.com Speed 2021"]
[Site "chess.com INT"]
[Date "2021.12.02"]
[Round "2.27"]
[White "Rapport, Richard"]
[Black "Nihal, Sarin"]
[Result "0-1"]
[WhiteTitle "GM"]
[BlackTitle "GM"]
[WhiteElo "2763"]
[BlackElo "2650"]
[WhiteFideId "738590"]
[BlackFideId "25092340"]
[EventDate "2021.11.08"]
[EventType "k.o."]

1. d4 d5 2. c4 e6 3. Nc3 c5 4. cxd5 exd5 5. Nf3 Nf6 6. Bg5 Be6 7. e3 c4 8. Ne5
Qa5 9. Bxf6 gxf6 10. Nf3 Nc6 11. Be2 Bb4 12. Qc1 O-O 13. O-O Kh8 14. a3 Bxc3 15.
bxc3 Qc7 16. a4 a6 17. Qa3 b5 18. axb5 axb5 19. Qc5 Rab8 20. Rfb1 Qb6 21. Qd6
Nxd4 22. Qxf8+ Rxf8 23. Nxd4 Bd7 24. Bf3 Qc5 25. Rb2 Kg7 26. g3 Rb8 27. Rab1 Qa3
28. Ne2 Bf5 29. Rxb5 Bxb1 30. Rxb8 Bd3 31. Kg2 Qa1 32. Rd8 Qe1 33. Ng1 Qf1+ 34.
Kh1 Qxf2 35. Rxd5 Qxe3 36. Rd4 Qe1 37. Rg4+ Kf8 0-1